| 000 | 00983nam a22002891i 4500 | ||
|---|---|---|---|
| 001 | 12454 | ||
| 003 | ES-MaACL | ||
| 005 | 20260126130017.0 | ||
| 007 | t| | ||
| 008 | 900514s1981 sp ||||0| spa j | ||
| 016 | 7 | _zIBH8100906551 | |
| 020 | _a84-87408-40-0 | ||
| 040 |
_aIBH _bspa _cM-BN-DP |
||
| 080 | _a860-1"19" | ||
| 100 | 1 |
_aMedina, Vicente, _d1866-1937 _979718 |
|
| 245 | 1 | 0 |
_aAires murcianos _b: recopilación completa 1898-1928 / _cVicente Medina ; edición y prólogo de Francisco Javier Díez de Revenga. |
| 250 | _a3ª ed. | ||
| 260 |
_aMurcia : _bAcademia Alfonso X el Sabio, _c1991. |
||
| 300 |
_a336 p., 2 h ; _c19 cm. |
||
| 490 | 1 |
_aBiblioteca murciana de bolsillo ; _v19 |
|
| 500 | _aIndice. | ||
| 700 | 1 |
_aDíez de Revenga, Francisco Javier, _d1946- _944713 |
|
| 710 | 0 |
_aAcademia Alfonso X el Sabio _91142 |
|
| 830 | 0 |
_aBiblioteca murciana de bolsillo ; _v19 _9179312 |
|
| 852 |
_aES-MaACL _jL-19666 _bR.123546 |
||
| 999 |
_c12454 _d12454 |
||